000 00899nam a2200277 i 4500
003 DO-SdBNP
005 20251107124215.0
007 ta
008 251107b2019 dr ||||| |||| 00| 0 spa d
040 _aDO-SdBNP
_bspa
_cBNPHU
_erda
041 _aspa
082 4 _axxx
_bxxx
_222
100 _aHernández Franco, Tomás,
_d1904-1952
_eautor
_4aut.
_96622
245 1 0 _aObras completas /
_cTomás Henández Franco ; editor, Guillermo Piña-Contreras
264 1 _aSanto Domingo :
_bSociedad Dominicana de Bibliófilos Inc.,
_c2019.
300 _avolumen ;
_c24 cm.
336 _atexto
_btxt
_2rdacontent
337 _asin mediación
_bn
_2rdamedia
338 _avolumen
_bnc
_2rdacarrier
490 1 _aColección de Cultura Dominicana
490 1 _aSegunda Época
590 _aInventariado, 2025/BT
700 1 _aPiña-Contreras, Guillermo,
_eeditor
_4ed.
910 _aBtavárez
942 _2ddc
_cLBS1
999 _c60023
_d60023